Statistics for Pi Digits #20 1801-1900

Click here to take the quiz!

General Stats

  • This quiz has been taken 136 times
  • The average score is 13 of 20

Answer Stats

Digits% Correct
79766
100%
82796
100%
10095
75%
38837
75%
81454
75%
86360
75%
00642
63%
08412
63%
20511
63%
25125
63%
26945
63%
73929
63%
84886
63%
84896
63%
95068
63%
11863
50%
19652
50%
21066
50%
60424
50%
85022
50%

Score Distribution

Percentile by Number Answered

Percent of People with Each Score

Your Score History

You have not taken this quiz